|
|
|
|
| LEADER |
00900naa a2200217 i 4500 |
| 001 |
acta83080 |
| 005 |
20240117092858.0 |
| 008 |
240117s2019 hu o 1|| hun d |
| 040 |
|
|
|a SZTE Egyetemi Kiadványok Repozitórium
|b hun
|
| 041 |
|
|
|a hun
|
| 100 |
1 |
|
|a Vass Zóra
|
| 245 |
1 |
0 |
|a Vörösmarty Hymnusának műfaji kérdéséhez
|h [elektronikus dokumentum] :
|b [absztrakt] /
|c Vass Zóra
|
| 260 |
|
|
|c 2019
|
| 300 |
|
|
|a 48
|
| 490 |
0 |
|
|a Móra Kárpát-medencei Interdiszciplináris Szakkollégiumi Konferencia
|v 3
|
| 650 |
|
4 |
|a Bölcsészettudományok
|
| 650 |
|
4 |
|a Nyelvek és irodalom
|
| 695 |
|
|
|a Magyar irodalom - költészet - 19. sz. - előadáskivonat
|
| 700 |
0 |
1 |
|a Vörösmarty Mihály
|
| 711 |
|
|
|a III. Móra Interdiszciplináris Kárpát-medencei Szakkollégiumi Konferencia
|c Szeged
|d 2019. december 6-8.
|
| 856 |
4 |
0 |
|u http://acta.bibl.u-szeged.hu/83080/1/morakonf_2019_048.pdf
|z Dokumentum-elérés
|